[Event "Budapest FS12 GM"]
[Site "Budapest"]
[Date "2023.12.11"]
[Round "8"]
[White "Kargin, Arseny"]
[Black "Baidetsky, Valentin"]
[Result "0-1"]
[WhiteElo "2398"]
[BlackElo "2488"]
[PlyCount "116"]
[EventDate "2023.12.02"]
[EventType "tourn"]
[EventRounds "9"]
[EventCountry "HUN"]
[EventCategory "6"]
[SourceTitle "CB51_2023"]
[SourceDate "2023.12.20"]
[SourceVersion "1"]
[SourceVersionDate "2023.12.20"]
[SourceQuality "1"]

1. e4 d6 2. d4 Nf6 3. Nc3 e5 4. Nf3 Nbd7 5. Bc4 Be7 6. a4 0-0 7. 0-0 c6 8. h3 h6 9. Re1 Re8 10. Be3 exd4 11. Qxd4 Nf8 12. Qd2 Be6 13. Bd3 d5 14. e5 N6d7 15. Ne2 f6 16. Bf4 fxe5 17. Nxe5 Nxe5 18. Bxe5 Bf6 19. Nf4 Bf7 20. Bxf6 Qxf6 21. c3 Nd7 22. Rad1 Ne5 23. Bb1 Nc4 24. Qc1 Nxb2 25. Nxd5 Bxd5 26. Qxb2 Qg5 27. f4 Qg3 28. Qd2 Rxe1+ 29. Rxe1 Bxg2 30. Qf2 Qxf2+ 31. Kxf2 Bxh3 32. Re7 Rb8 33. Bg6 a5 34. c4 Bg4 35. Re5 Kf8 36. Rxa5 Ke7 37. Be4 Be6 38. Bd3 Kd6 39. Re5 c5 40. Re1 Rf8 41. Ke3 Re8 42. Kd2 g5 43. fxg5 hxg5 44. Rb1 Bc8 45. Rb6+ Ke5 46. Ke3 Rh8 47. Bf1 Bh3 48. Be2 Bg2 49. a5 Rh3+ 50. Kf2 Be4 51. a6 bxa6 52. Rxa6 Kd4 53. Ra7 Bd3 54. Bf3 Rh7 55. Rxh7 Bxh7 56. Kg3 Be4 57. Bd1 Bf5 58. Be2 Be6 0-1

[Event "Budapest FS12 GM"]
[Site "Budapest"]
[Date "2023.12.06"]
[Round "5"]
[White "Kargin, Arseny"]
[Black "Aveskulov, Valeriy"]
[Result "0-1"]
[WhiteElo "2398"]
[BlackElo "2501"]
[PlyCount "116"]
[EventDate "2023.12.02"]
[EventType "tourn"]
[EventRounds "9"]
[EventCountry "HUN"]
[EventCategory "6"]
[SourceTitle "CB51_2023"]
[SourceDate "2023.12.20"]
[SourceVersion "1"]
[SourceVersionDate "2023.12.20"]
[SourceQuality "1"]

1. e4 c5 2. Nf3 d6 3. d4 Nf6 4. Nc3 cxd4 5. Nxd4 a6 6. h3 e5 7. Nb3 Be7 8. g4 h6 9. Be3 b5 10. a4 b4 11. Nd5 Bb7 12. Bb6 Qc8 13. Na5 Nxd5 14. exd5 Nd7 15. Be3 Bg5 16. Nc4 Qc7 17. Bxg5 hxg5 18. Qd2 Nc5 19. a5 b3 20. Bg2 bxc2 21. Qxc2 Ne6 22. Qa4+ Ke7 23. Nb6 Nf4 24. Nxa8 Bxa8 25. 0-0 Bxd5 26. Bxd5 Nxh3+ 27. Kg2 Nf4+ 28. Kg1 Nh3+ 29. Kg2 Nf4+ 30. Kg1 Nxd5 31. Rfc1 Qd7 32. Qxd7+ Kxd7 33. Rc4 Rb8 34. Rb1 Rb3 35. Kf1 g6 36. Ke1 Nf4 37. Rc3 Rb4 38. b3 Ne6 39. Rc4 Rb8 40. b4 d5 41. Rc2 Nd4 42. Rc5 Kd6 43. Kf1 e4 44. Rc3 f5 45. Rh3 Ke5 46. Rh6 f4 47. Rxg6 Nf3 48. Ke2 d4 49. Rb3 d3+ 50. Rxd3 Ng1+ 51. Kd2 exd3 52. Kxd3 Nh3 53. Kc4 Rc8+ 54. Kb3 Nxf2 55. Rxg5+ Ke4 56. Rg6 f3 57. Rxa6 Nxg4 58. Re6+ Kd5 0-1

[Event "Jerusalem Summer"]
[Site "Jerusalem"]
[Date "2023.08.31"]
[Round "9"]
[White "Kargin, Arseny"]
[Black "Tzidkiya, Yeshaayahu"]
[Result "1-0"]
[WhiteElo "2389"]
[BlackElo "2445"]
[PlyCount "69"]
[EventDate "2023.08.23"]
[EventType "tourn"]
[EventRounds "9"]
[EventCountry "ISR"]
[EventCategory "7"]
[SourceTitle "EXT 2024"]
[Source "ChessBase"]
[SourceDate "2023.10.10"]
[SourceVersion "1"]
[SourceVersionDate "2023.10.10"]
[SourceQuality "1"]

1. e4 c5 2. Nf3 g6 3. c3 d5 4. exd5 Qxd5 5. d4 Nc6 6. Be3 Bg7 7. dxc5 Qxd1+ 8. Kxd1 Nf6 9. Nbd2 Ng4 10. a4 0-0 11. a5 Rd8 12. Bc4 Bf5 13. h3 Nge5 14. Nxe5 Nxe5 15. Be2 Nd3 16. Bxd3 Bxd3 17. Kc1 e5 18. Re1 f5 19. f3 Bf6 20. Ra4 Rd5 21. Nc4 Bh4 22. Rd1 f4 23. Bg1 e4 24. Nd6 e3 25. Bxe3 fxe3 26. Rxh4 e2 27. Re1 Rxc5 28. Nxb7 Rc6 29. Rd4 Ba6 30. Nd6 Rd8 31. Nf5 Re8 32. Ng3 Rc5 33. Ne4 Rc6 34. Kd2 Re5 35. b4 1-0

[Event "Jerusalem Summer"]
[Site "Jerusalem"]
[Date "2023.08.26"]
[Round "4"]
[White "Kargin, Arseny"]
[Black "Tifferet, Shaked"]
[Result "1-0"]
[WhiteElo "2389"]
[BlackElo "2281"]
[PlyCount "93"]
[EventDate "2023.08.23"]
[EventType "tourn"]
[EventRounds "9"]
[EventCountry "ISR"]
[EventCategory "7"]
[SourceTitle "EXT 2024"]
[Source "ChessBase"]
[SourceDate "2023.10.10"]
[SourceVersion "1"]
[SourceVersionDate "2023.10.10"]
[SourceQuality "1"]

1. e4 c5 2. Nf3 e6 3. d4 cxd4 4. Nxd4 a6 5. Bd3 Bc5 6. Nb3 Ba7 7. 0-0 Nc6 8. Qg4 Qf6 9. Nc3 Nge7 10. Qg3 Qg6 11. Qh4 h5 12. h3 Ne5 13. Be2 b5 14. a3 Bb7 15. Na5 Bc8 16. Bf4 f6 17. Kh1 Bb6 18. Nb3 Bb7 19. f3 Qh7 20. Qe1 g5 21. Bg3 N7g6 22. Bf2 Bxf2 23. Qxf2 Rc8 24. Nc5 Rxc5 25. Qxc5 Nf4 26. Bxb5 axb5 27. Nxb5 Bc6 28. Nd6+ Kd8 29. Rad1 Nxg2 30. Kxg2 g4 31. f4 gxh3+ 32. Kxh3 Qg6 33. Rg1 Ng4 34. f5 Qg8 35. Nc4 Bxe4 36. Qb6+ Ke8 37. Qb8+ Ke7 38. Qd6+ Ke8 39. Qb8+ Ke7 40. Qd6+ Ke8 41. Qxd7+ Kf8 42. fxe6 Nf2+ 43. Kh4 Qg4+ 44. Rxg4 hxg4+ 45. Kg3 Rh3+ 46. Kxf2 g3+ 47. Ke3 1-0

[Event "Budapest FS11 GM"]
[Site "Budapest"]
[Date "2019.11.12"]
[Round "9"]
[White "Tran, Tuan Minh"]
[Black "Kargin, Arseny"]
[Result "1-0"]
[WhiteElo "2509"]
[BlackElo "2419"]
[PlyCount "91"]
[EventDate "2019.11.02"]
[EventType "tourn"]
[EventRounds "9"]
[EventCountry "HUN"]
[EventCategory "7"]
[SourceTitle "CBM 193 Extra"]
[Source "ChessBase"]
[SourceDate "2020.01.31"]
[SourceVersion "1"]
[SourceVersionDate "2020.01.31"]
[SourceQuality "1"]

1. d4 Nf6 2. c4 e6 3. Nf3 d5 4. Nc3 Bb4 5. cxd5 exd5 6. Bf4 Ne4 7. Rc1 Nd7 8. h3 Nb6 9. e3 0-0 10. Bd3 Bf5 11. 0-0 Nxc3 12. bxc3 Bxd3 13. Qxd3 Bd6 14. Bxd6 Qxd6 15. Nd2 Rfe8 16. c4 Nxc4 17. Nxc4 dxc4 18. Rxc4 c6 19. Rfc1 Rad8 20. a4 a6 21. a5 Re5 22. Qc3 Rb5 23. Rc5 Rxc5 24. Qxc5 Qxc5 25. Rxc5 Kf8 26. Kf1 Ke7 27. Ke2 Kd6 28. Kd3 b6 29. axb6 Rb8 30. Rh5 h6 31. Rf5 Ke6 32. Ra5 Rxb6 33. Ke4 Kd6 34. g4 Rb2 35. f4 Rh2 36. Rxa6 Rxh3 37. d5 Rg3 38. Rxc6+ Kd7 39. Ra6 Rxg4 40. Kf5 Rg1 41. e4 h5 42. Ra7+ Ke8 43. e5 h4 44. Ra8+ Ke7 45. d6+ Kd7 46. Rf8 1-0

[Event "Budapest FS11 GM"]
[Site "Budapest"]
[Date "2019.11.09"]
[Round "7"]
[White "Kargin, Arseny"]
[Black "Harutjunyan, Gevorg"]
[Result "0-1"]
[WhiteElo "2419"]
[BlackElo "2423"]
[PlyCount "94"]
[EventDate "2019.11.02"]
[EventType "tourn"]
[EventRounds "9"]
[EventCountry "HUN"]
[EventCategory "7"]
[SourceTitle "CBM 193 Extra"]
[Source "ChessBase"]
[SourceDate "2020.01.31"]
[SourceVersion "1"]
[SourceVersionDate "2020.01.31"]
[SourceQuality "1"]

1. e4 c6 2. d4 d5 3. e5 Bf5 4. Nf3 e6 5. Be2 Ne7 6. 0-0 c5 7. Na3 a6 8. dxc5 Nec6 9. c4 d4 10. Bd3 Bxd3 11. Qxd3 Nd7 12. Bf4 Nxc5 13. Qd2 Qb6 14. Rab1 Rd8 15. b4 Ne4 16. Qe1 Nc3 17. c5 Bxc5 18. bxc5 Qxc5 19. Rb3 Na5 20. Nxd4 Nxb3 21. Nxb3 Qxa3 22. Qxc3 0-0 23. Qc2 Rc8 24. Qe2 Rfd8 25. h4 Qb4 26. g3 h6 27. Rc1 Rxc1+ 28. Bxc1 Rd5 29. Bf4 b5 30. Kg2 Qc3 31. Qe3 Qc2 32. Nd2 Rd3 33. Qe2 Ra3 34. h5 Qxa2 35. Qe4 Qd5 36. Qxd5 exd5 37. Kf1 d4 38. Ke2 a5 39. e6 fxe6 40. Be5 d3+ 41. Ke3 b4 42. Nc4 Ra2 43. Bd4 d2 44. Nxd2 a4 45. Kd3 b3 46. Nb1 a3 47. Bc5 Ra1 0-1

[Event "Budapest FS11 GM"]
[Site "Budapest"]
[Date "2019.11.06"]
[Round "5"]
[White "Kargin, Arseny"]
[Black "Nguyen, Van Huy"]
[Result "0-1"]
[WhiteElo "2419"]
[BlackElo "2468"]
[PlyCount "74"]
[EventDate "2019.11.02"]
[EventType "tourn"]
[EventRounds "9"]
[EventCountry "HUN"]
[EventCategory "7"]
[SourceTitle "CBM 193 Extra"]
[Source "ChessBase"]
[SourceDate "2020.01.31"]
[SourceVersion "1"]
[SourceVersionDate "2020.01.31"]
[SourceQuality "1"]

1. e4 c6 2. d4 d5 3. e5 Bf5 4. Nf3 e6 5. Be2 Bb4+ 6. c3 Ba5 7. Qb3 Bb6 8. a4 a5 9. Nh4 Bxb1 10. Rxb1 Nd7 11. Nf3 Ne7 12. 0-0 h6 13. Be3 0-0 14. Rfd1 Nf5 15. Bf4 c5 16. Bb5 Ba7 17. Rbc1 Rc8 18. g4 Ne7 19. Kg2 Ng6 20. Bg3 f5 21. gxf5 c4 22. Bxc4 dxc4 23. Qxb7 exf5 24. Qxa7 f4 25. Re1 fxg3 26. hxg3 Rxf3 27. Kxf3 Ndxe5+ 28. Rxe5 Nxe5+ 29. dxe5 Qd5+ 30. Ke2 Re8 31. f4 Rd8 32. Qe3 Qg2+ 33. Ke1 Rd3 34. Qf2 Qh1+ 35. Qf1 Qe4+ 36. Qe2 Re3 37. Rc2 Qf3 0-1

[Event "Budapest FS11 GM"]
[Site "Budapest"]
[Date "2019.11.03"]
[Round "2"]
[White "Aczel, Gergely"]
[Black "Kargin, Arseny"]
[Result "1-0"]
[WhiteElo "2515"]
[BlackElo "2419"]
[PlyCount "111"]
[EventDate "2019.11.02"]
[EventType "tourn"]
[EventRounds "9"]
[EventCountry "HUN"]
[EventCategory "7"]
[SourceTitle "CBM 193 Extra"]
[Source "ChessBase"]
[SourceDate "2020.01.31"]
[SourceVersion "1"]
[SourceVersionDate "2020.01.31"]
[SourceQuality "1"]

1. Nf3 d5 2. g3 c6 3. Bg2 Bg4 4. 0-0 Nd7 5. c4 e6 6. cxd5 exd5 7. d3 Ngf6 8. h3 Bh5 9. Nc3 Be7 10. e4 dxe4 11. dxe4 Nc5 12. Qc2 Qd3 13. Ne1 Qxc2 14. Nxc2 Bg6 15. f4 Bxe4 16. Nxe4 Ncxe4 17. Kh2 Rd8 18. b4 Nc3 19. Re1 Ncd5 20. b5 0-0 21. bxc6 bxc6 22. Rb1 Bc5 23. Bb2 Rfe8 24. Rxe8+ Rxe8 25. Re1 Rxe1 26. Nxe1 Kf8 27. Nd3 Bd6 28. Ne5 Bxe5 29. Bxe5 Ke7 30. g4 g6 31. Kg3 Ke6 32. Bd4 a5 33. Kf3 Nb4 34. Bf1 Nfd5 35. Bc4 Nc2 36. Bc5 Ne1+ 37. Kf2 Nc2 38. Ke2 Kf6 39. Kd2 Ncb4 40. a3 Nxf4 41. axb4 axb4 42. Bd4+ Ke7 43. Bc5+ Kf6 44. h4 h5 45. Bd4+ Ke7 46. g5 Ne6 47. Be5 Nc5 48. Ke3 Nd7 49. Kf4 Nb6 50. Bf6+ Ke8 51. Ba2 c5 52. Ke4 c4 53. Bd4 Nc8 54. Bxc4 Nd6+ 55. Kd5 Nf5 56. Bf2 1-0

[Event "Djenovici TS05 GM 3rd"]
[Site "Djenovici"]
[Date "2019.05.23"]
[Round "7"]
[White "Der Manuelian, Haik O"]
[Black "Kargin, Arseny"]
[Result "0-1"]
[WhiteElo "2277"]
[BlackElo "2417"]
[PlyCount "94"]
[EventDate "2019.05.18"]
[EventType "tourn"]
[EventRounds "9"]
[EventCountry "MNE"]
[EventCategory "6"]
[SourceTitle "CBM 190 Extra"]
[Source "ChessBase"]
[SourceDate "2019.07.15"]
[SourceVersion "1"]
[SourceVersionDate "2019.07.15"]
[SourceQuality "1"]

1. d4 Nf6 2. c4 e6 3. g3 d5 4. Nf3 dxc4 5. Bg2 Bb4+ 6. Bd2 a5 7. Qc2 Bxd2+ 8. Nbxd2 b5 9. 0-0 0-0 10. b3 cxb3 11. Nxb3 c6 12. Rfc1 Ra7 13. e3 Bb7 14. Ne5 Nd5 15. a3 Ba8 16. Nc5 Na6 17. Ncd3 Rc7 18. Qb3 Re8 19. Nc5 Nxc5 20. Rxc5 f6 21. Nd3 Rce7 22. Rac1 Kh8 23. Qb2 Rd7 24. Be4 Rd6 25. Qe2 g6 26. Qb2 Kg7 27. Qb3 Qe7 28. R5c2 Kh6 29. Rc5 Qa7 30. Qd1 e5 31. dxe5 fxe5 32. Qg4 Kg7 33. Ne1 Nf6 34. Qh4 Nxe4 35. Qxe4 Rd5 36. Nd3 Qd7 37. Rxd5 cxd5 38. Qh4 Kg8 39. Qf6 d4 40. e4 Bxe4 41. Nxe5 Qf5 42. Qxf5 Bxf5 43. f4 b4 44. axb4 axb4 45. Rc4 b3 46. Rb4 d3 47. Nf3 Re1+ 0-1

[Event "Pavlodar op"]
[Site "Pavlodar"]
[Date "2018.11.30"]
[Round "9"]
[White "Kargin, Arseny"]
[Black "Utegaliev, Azamat"]
[Result "0-1"]
[WhiteElo "2411"]
[BlackElo "2518"]
[PlyCount "46"]
[EventDate "2018.11.23"]
[EventType "swiss"]
[EventRounds "10"]
[EventCountry "KAZ"]
[SourceTitle "EXT 2020"]
[Source "ChessBase"]
[SourceDate "2019.10.17"]
[SourceVersion "1"]
[SourceVersionDate "2019.10.17"]
[SourceQuality "1"]

1. e4 e5 2. Nf3 Nc6 3. Bb5 Nf6 4. 0-0 d6 5. Re1 Be7 6. c3 0-0 7. d4 exd4 8. cxd4 Bg4 9. Bxc6 bxc6 10. Nc3 Nd7 11. h3 Bh5 12. g4 Bg6 13. Nh2 Qb8 14. f4 f6 15. Nf3 Bf7 16. Kh1 Qb7 17. b3 c5 18. d5 c6 19. dxc6 Qxc6 20. Qd2 Nb6 21. Rd1 f5 22. Nd5 Rfe8 23. gxf5 Nxd5 0-1

[Event "Djenovici TS10 GM"]
[Site "Djenovici"]
[Date "2018.10.28"]
[Round "9"]
[White "Miljkovic, Miroslav D"]
[Black "Kargin, Arseny"]
[Result "1/2-1/2"]
[WhiteElo "2484"]
[BlackElo "2420"]
[PlyCount "95"]
[EventDate "2018.10.20"]
[EventType "tourn"]
[EventRounds "9"]
[EventCountry "MNE"]
[EventCategory "6"]
[SourceTitle "CBM 187 Extra"]
[Source "ChessBase"]
[SourceDate "2018.11.04"]
[SourceVersion "1"]
[SourceVersionDate "2018.11.04"]
[SourceQuality "1"]

1. d4 d5 2. c4 c6 3. Nf3 Nf6 4. Nc3 dxc4 5. e4 b5 6. Be2 b4 7. Na4 Nxe4 8. Bxc4 e6 9. 0-0 Be7 10. Re1 Nf6 11. Ne5 0-0 12. Bg5 Nd5 13. Bxe7 Nxe7 14. Qf3 Nd7 15. Nxd7 Qxd7 16. Rad1 Nd5 17. Nc5 Qd8 18. Re5 Qf6 19. Bxd5 cxd5 20. Qxf6 gxf6 21. Re3 Rd8 22. f4 f5 23. Rb3 a5 24. a3 Rb8 25. axb4 axb4 26. Ra1 Bd7 27. Ra7 Bc6 28. Nd3 Bb5 29. Nc5 Bc6 30. Na6 Ra8 31. Rxa8 Rxa8 32. Nxb4 Ra1+ 33. Kf2 Be8 34. Nd3 Rd1 35. Ke2 Rb1 36. Rb8 Kf8 37. Rc8 Ra1 38. Rc1 Ra2 39. Kd2 Bb5 40. Rc8+ Ke7 41. Rc7+ Kd6 42. Rb7 Bxd3 43. Kxd3 Kc6 44. Rb3 Ra1 45. Rc3+ Kb5 46. Rb3+ Kc6 47. Rc3+ Kb5 48. Rb3+ 1/2-1/2

[Event "Djenovici TS10 GM"]
[Site "Djenovici"]
[Date "2018.10.25"]
[Round "6"]
[White "Kargin, Arseny"]
[Black "Der Manuelian, Haik O"]
[Result "1/2-1/2"]
[WhiteElo "2420"]
[BlackElo "2269"]
[PlyCount "51"]
[EventDate "2018.10.20"]
[EventType "tourn"]
[EventRounds "9"]
[EventCountry "MNE"]
[EventCategory "6"]
[SourceTitle "CBM 187 Extra"]
[Source "ChessBase"]
[SourceDate "2018.11.04"]
[SourceVersion "1"]
[SourceVersionDate "2018.11.04"]
[SourceQuality "1"]

1. d4 d5 2. c4 e6 3. Nc3 Be7 4. cxd5 exd5 5. Bf4 c6 6. Qc2 Nf6 7. h3 g6 8. e3 Bf5 9. Qd2 h5 10. Bd3 Bxd3 11. Qxd3 Nbd7 12. Nge2 Nf8 13. 0-0 Bd6 14. f3 Bxf4 15. Nxf4 Qd7 16. e4 0-0-0 17. e5 Ne8 18. b4 Nc7 19. Na4 Nfe6 20. Nxe6 Nxe6 21. f4 Rhf8 22. Rab1 Kb8 23. Rb3 b6 24. Nc3 f6 25. Rbb1 g5 26. fxg5 1/2-1/2

[Event "Djenovici TS10 GM"]
[Site "Djenovici"]
[Date "2018.10.20"]
[Round "1"]
[White "Manush, Shah"]
[Black "Kargin, Arseny"]
[Result "1/2-1/2"]
[WhiteElo "2302"]
[BlackElo "2420"]
[PlyCount "80"]
[EventDate "2018.10.20"]
[EventType "tourn"]
[EventRounds "9"]
[EventCountry "MNE"]
[EventCategory "6"]
[SourceTitle "CBM 187 Extra"]
[Source "ChessBase"]
[SourceDate "2018.11.04"]
[SourceVersion "1"]
[SourceVersionDate "2018.11.04"]
[SourceQuality "1"]

1. d4 Nf6 2. Nf3 e6 3. e3 d5 4. c4 b6 5. Nc3 Bb7 6. cxd5 exd5 7. Bd3 Bd6 8. 0-0 0-0 9. Qc2 c5 10. Nb5 c4 11. Nxd6 Qxd6 12. Be2 Nc6 13. Bd2 b5 14. b3 g6 15. bxc4 dxc4 16. Rab1 Qd5 17. a4 a6 18. Qb2 Na7 19. axb5 axb5 20. Bb4 Rfb8 21. Bc5 Bc6 22. Rfc1 Nd7 23. Bb4 Nc8 24. Ne1 Nd6 25. Bf3 Ne4 26. Qc2 Ra6 27. Rb2 Qe6 28. Qd1 Rba8 29. Nc2 Nb6 30. d5 Nxd5 31. Nd4 Qe5 32. Be1 Be8 33. Bxe4 Qxe4 34. Nxb5 Rb6 35. Nc3 Nxc3 36. Bxc3 Bc6 37. Qf1 Rxb2 38. Bxb2 Ra2 39. Rxc4 Qd5 40. Rd4 Qa5 1/2-1/2

[Event "Marianske Lazne GM-A1 16th"]
[Site "Marianske Lazne"]
[Date "2017.01.24"]
[Round "5"]
[White "Vykouk, Jan"]
[Black "Kargin, Arseny"]
[Result "1/2-1/2"]
[WhiteElo "2439"]
[BlackElo "2422"]
[PlyCount "149"]
[EventDate "2017.01.21"]
[EventType "tourn"]
[EventRounds "9"]
[EventCountry "CZE"]
[EventCategory "8"]
[SourceTitle "CBM 176 Extra"]
[Source "ChessBase"]
[SourceDate "2017.03.02"]
[SourceVersion "1"]
[SourceVersionDate "2017.03.02"]
[SourceQuality "1"]

1. e4 c5 2. Nf3 d6 3. d4 cxd4 4. Nxd4 Nf6 5. Nc3 g6 6. Be3 Bg7 7. f3 Nc6 8. Qd2 0-0 9. Bc4 Bd7 10. h4 Ne5 11. Bb3 h5 12. 0-0-0 Rc8 13. Kb1 Re8 14. g4 hxg4 15. h5 Nxh5 16. Bh6 e6 17. Bxg7 Kxg7 18. fxg4 Nxg4 19. Ndb5 Bxb5 20. Nxb5 Rc6 21. Rhg1 Nhf6 22. Qf4 Qb6 23. Nd4 e5 24. Qf1 exd4 25. Rxg4 d5 26. Bxd5 Rxe4 27. Bxe4 Nxg4 28. Qf4 Ne3 29. Rh1 Re6 30. Bd3 Qc5 31. Rh7+ Kxh7 32. Qxf7+ Kh6 33. Qxe6 Qc6 34. Qh3+ Kg7 35. a3 a5 36. Qh4 Qd6 37. Qe4 b6 38. Qb7+ Kh6 39. Qh1+ Kg7 40. Qb7+ Kf6 41. Qe4 Nf5 42. Qf3 Qc5 43. Qa8 Kg7 44. Qb7+ Ne7 45. Qe4 Qd6 46. Qh4 Nc6 47. Qe4 Ne5 48. Qb7+ Kf6 49. Be4 d3 50. cxd3 Nxd3 51. Qh7 Nf4 52. Qh4+ Ke5 53. Bc2 Kd5 54. Qh1+ Ke6 55. Bb3+ Kf6 56. Qh4+ Kg7 57. Bc2 Ne2 58. Qe4 Nd4 59. Bd3 Nc6 60. Bc2 Ne5 61. Qb7+ Kf6 62. Qe4 b5 63. Qh4+ Kg7 64. Qe4 Nc6 65. Qe3 b4 66. axb4 axb4 67. Qe4 Nd4 68. Bd3 b3 69. Kc1 Qc5+ 70. Kd2 Qa5+ 71. Kc1 Qg5+ 72. Kd1 Qh5+ 73. Kc1 Qg5+ 74. Kd1 Qh5+ 75. Kc1 1/2-1/2

[Event "Marianske Lazne GM-A1 16th"]
[Site "Marianske Lazne"]
[Date "2017.01.22"]
[Round "2"]
[White "Kargin, Arseny"]
[Black "Moehn, Hans"]
[Result "1/2-1/2"]
[WhiteElo "2422"]
[BlackElo "2381"]
[PlyCount "47"]
[EventDate "2017.01.21"]
[EventType "tourn"]
[EventRounds "9"]
[EventCountry "CZE"]
[EventCategory "8"]
[SourceTitle "CBM 176 Extra"]
[Source "ChessBase"]
[SourceDate "2017.03.02"]
[SourceVersion "1"]
[SourceVersionDate "2017.03.02"]
[SourceQuality "1"]

1. e4 e6 2. d4 d5 3. Nc3 dxe4 4. Nxe4 Bd7 5. Nf3 Bc6 6. Bd3 Nd7 7. c3 Ngf6 8. Nxf6+ Nxf6 9. Bf4 Bxf3 10. Qxf3 c6 11. 0-0 Bd6 12. Be5 Bxe5 13. dxe5 Nd7 14. Qg3 g6 15. Rfe1 Qe7 16. Rad1 0-0-0 17. Bf1 Nb6 18. Rd6 Kb8 19. Red1 Nc8 20. R6d3 Rxd3 21. Rxd3 Rd8 22. Rxd8 Qxd8 23. Qf4 Qe8 24. Qh6 1/2-1/2

[Event "Budapest FS08 GM"]
[Site "Budapest"]
[Date "2016.08.15"]
[Round "9"]
[White "Kargin, Arseny"]
[Black "Korpa, Bence"]
[Result "1/2-1/2"]
[WhiteElo "2418"]
[BlackElo "2468"]
[PlyCount "46"]
[EventDate "2016.08.06"]
[EventType "tourn"]
[EventRounds "9"]
[EventCountry "HUN"]
[EventCategory "7"]
[SourceTitle "CBM 173 Extra"]
[Source "ChessBase"]
[SourceDate "2016.08.29"]
[SourceVersion "1"]
[SourceVersionDate "2016.08.29"]
[SourceQuality "1"]

1. e4 c5 2. Nf3 e6 3. d4 cxd4 4. Nxd4 a6 5. Bd3 Nf6 6. 0-0 d6 7. c4 Be7 8. Nc3 0-0 9. Be3 Nbd7 10. f4 Nc5 11. Bc2 e5 12. Nf5 Bxf5 13. exf5 exf4 14. Rxf4 Re8 15. Bf2 Qc7 16. Rd4 h6 17. Rc1 Ncd7 18. Ba4 Red8 19. Bxd7 Qxd7 20. Nd5 Nxd5 21. Rxd5 Rac8 22. Bd4 Bf8 23. Rc3 Re8 1/2-1/2

[Event "Budapest FS08 GM"]
[Site "Budapest"]
[Date "2016.08.14"]
[Round "8"]
[White "Pacher, Milan"]
[Black "Kargin, Arseny"]
[Result "0-1"]
[WhiteElo "2502"]
[BlackElo "2418"]
[PlyCount "152"]
[EventDate "2016.08.06"]
[EventType "tourn"]
[EventRounds "9"]
[EventCountry "HUN"]
[EventCategory "7"]
[SourceTitle "CBM 173 Extra"]
[Source "ChessBase"]
[SourceDate "2016.08.29"]
[SourceVersion "1"]
[SourceVersionDate "2016.08.29"]
[SourceQuality "1"]

1. e4 c5 2. Nf3 d6 3. d4 cxd4 4. Nxd4 Nf6 5. Nc3 g6 6. Be3 Bg7 7. f3 0-0 8. Qd2 Nc6 9. g4 Be6 10. Nxe6 fxe6 11. 0-0-0 Ne5 12. Be2 Qc8 13. h4 Nfd7 14. h5 Nc4 15. Bxc4 Qxc4 16. hxg6 hxg6 17. f4 Bxc3 18. Qxc3 Qxc3 19. bxc3 Nf6 20. Bd4 Nxe4 21. Rde1 d5 22. Rh6 Kf7 23. g5 Rg8 24. Kb2 a6 25. a4 Rac8 26. Ka3 b5 27. axb5 axb5 28. Kb2 Ra8 29. Ra1 Rxa1 30. Kxa1 Ke8 31. Kb2 Nd6 32. Rh7 Kd7 33. Kb3 Nf5 34. Be5 Kc6 35. Rh1 Ra8 36. Rh6 Rg8 37. Kb4 Ne3 38. Rh7 Kd7 39. Kb3 Nc4 40. Bf6 Re8 41. Kb4 Kd6 42. Bd4 Ra8 43. Kxb5 Na3+ 44. Kb6 Rb8+ 45. Ka6 Rb1 46. Be5+ Kd7 47. Bf6 Nc4 48. Rxe7+ Kd6 49. Re8 Kd7 50. Re7+ Kd6 51. Ka7 Nb6 52. Re8 Nd7 53. Bd4 Rf1 54. Kb7 Rxf4 55. Rg8 Rf7 56. Ka6 Ne5 57. Bxe5+ Kxe5 58. Rxg6 Rc7 59. Rh6 Rxc3 60. Rh2 Rg3 61. Re2+ Kd6 62. Kb5 Rxg5 63. Kb4 Rg3 64. Rh2 Rf3 65. c3 Ke5 66. Rh6 Kf5 67. Rh1 Ke4 68. c4 d4 69. c5 Rc3 70. Rh8 Rc1 71. Kb5 d3 72. Rd8 e5 73. c6 Ke3 74. Rd5 e4 75. Rc5 Rxc5+ 76. Kxc5 d2 0-1

[Event "Budapest FS08 GM"]
[Site "Budapest"]
[Date "2016.08.13"]
[Round "7"]
[White "Kargin, Arseny"]
[Black "Berczes, David"]
[Result "1/2-1/2"]
[WhiteElo "2418"]
[BlackElo "2480"]
[PlyCount "34"]
[EventDate "2016.08.06"]
[EventType "tourn"]
[EventRounds "9"]
[EventCountry "HUN"]
[EventCategory "7"]
[SourceTitle "CBM 173 Extra"]
[Source "ChessBase"]
[SourceDate "2016.08.29"]
[SourceVersion "1"]
[SourceVersionDate "2016.08.29"]
[SourceQuality "1"]

1. e4 e5 2. Nf3 Nc6 3. Nc3 Nf6 4. Bb5 Bc5 5. Nxe5 Nxe5 6. d4 Bd6 7. f4 Neg4 8. e5 Be7 9. exf6 Nxf6 10. Bd3 d5 11. 0-0 c6 12. f5 Qb6 13. Re1 Qxd4+ 14. Be3 Qb4 15. Bd2 Qd4+ 16. Be3 Qb4 17. Bd2 Qd4+ 1/2-1/2

[Event "Budapest FS08 GM"]
[Site "Budapest"]
[Date "2016.08.06"]
[Round "1"]
[White "Eggleston, David"]
[Black "Kargin, Arseny"]
[Result "1/2-1/2"]
[WhiteElo "2384"]
[BlackElo "2418"]
[PlyCount "113"]
[EventDate "2016.08.06"]
[EventType "tourn"]
[EventRounds "9"]
[EventCountry "HUN"]
[EventCategory "7"]
[SourceTitle "CBM 173 Extra"]
[Source "ChessBase"]
[SourceDate "2016.08.29"]
[SourceVersion "1"]
[SourceVersionDate "2016.08.29"]
[SourceQuality "1"]

1. e4 c5 2. Nf3 d6 3. d4 cxd4 4. Nxd4 Nf6 5. Nc3 g6 6. Be3 Bg7 7. f3 0-0 8. Qd2 Nc6 9. 0-0-0 d5 10. exd5 Nxd5 11. Nxc6 bxc6 12. Bd4 Bxd4 13. Qxd4 Qb6 14. Na4 Qa5 15. b3 Be6 16. Qe5 Qb4 17. Kb2 Rfd8 18. Rd4 Qd6 19. Qxd6 exd6 20. Bc4 Nc7 21. Rhd1 d5 22. Bf1 Re8 23. Nc5 Re7 24. c4 Rae8 25. cxd5 Bxd5 26. Ra4 Ne6 27. Nd3 Rb8 28. Rc1 Ng7 29. Nb4 Nf5 30. Nxd5 cxd5 31. Bd3 Ne3 32. g3 Ng2 33. Rd4 Ne1 34. Be4 dxe4 35. Rxe1 f5 36. fxe4 Rbe8 37. Kc3 fxe4 38. Re3 Kf7 39. b4 Kf6 40. Rc4 Kf5 41. a4 Rd7 42. b5 Re5 43. Rc8 g5 44. h3 h5 45. Rf8+ Ke6 46. Kc4 Rd1 47. Ra8 Rc1+ 48. Kb4 Rc7 49. Re8+ Kf5 50. Rf8+ Ke6 51. Rh8 Rd7 52. Rxh5 Kd5 53. Re1 e3 54. h4 Ke4 55. Rxg5 Rd4+ 56. Kc3 Rd3+ 57. Kc4 1/2-1/2

[Event "Kecskemet Caissa GM 02"]
[Site "Kecskemet"]
[Date "2016.02.29"]
[Round "11"]
[White "Nguyen, Thai Dai Van"]
[Black "Kargin, Arseny"]
[Result "1/2-1/2"]
[WhiteElo "2414"]
[BlackElo "2421"]
[PlyCount "25"]
[EventDate "2016.02.19"]
[EventType "tourn"]
[EventRounds "11"]
[EventCountry "HUN"]
[EventCategory "6"]
[SourceTitle "CBM 171 Extra"]
[Source "ChessBase"]
[SourceDate "2016.04.26"]
[SourceVersion "1"]
[SourceVersionDate "2016.04.26"]
[SourceQuality "1"]

1. e4 c5 2. Nf3 d6 3. Bb5+ Bd7 4. Bxd7+ Qxd7 5. 0-0 Nf6 6. Re1 Nc6 7. c3 e6 8. d4 cxd4 9. cxd4 d5 10. e5 Ne4 11. Nbd2 Nxd2 12. Bxd2 Be7 13. Rc1 1/2-1/2